<?xml version="1.0" encoding="UTF-8"?>
<record
    xmlns:xsi="http://www.w3.org/2001/XMLSchema-instance"
    xsi:schemaLocation="http://www.loc.gov/MARC21/slim http://www.loc.gov/standards/marcxml/schema/MARC21slim.xsd"
    xmlns="http://www.loc.gov/MARC21/slim">

  <leader>00632caa a22001692a 4500</leader>
  <controlfield tag="001">  020363</controlfield>
  <controlfield tag="003">  AR-FADEU</controlfield>
  <controlfield tag="008">  311216n########xxu####################dd</controlfield>
  <datafield tag="092" ind1=" " ind2=" ">
    <subfield code="a">415</subfield>
    <subfield code="b">C574</subfield>
  </datafield>
  <datafield tag="100" ind1=" " ind2=" ">
    <subfield code="a">Cheng, Lisa L.- S.</subfield>
  </datafield>
  <datafield tag="245" ind1=" " ind2=" ">
    <subfield code="a">Classifiers in four varieties of chinese</subfield>
  </datafield>
  <datafield tag="300" ind1=" " ind2=" ">
    <subfield code="a">PP. 259-292</subfield>
  </datafield>
  <datafield tag="500" ind1=" " ind2=" ">
    <subfield code="a">En: The Oxford handbook of comparative syntax / ed. Guglielmo Cinque. New York : Oxford University Press, 2005</subfield>
  </datafield>
  <datafield tag="700" ind1=" " ind2=" ">
    <subfield code="a">Rint, Sybesma</subfield>
  </datafield>
  <datafield tag="942" ind1=" " ind2=" ">
    <subfield code="c">BDGR</subfield>
  </datafield>
  <datafield tag="999" ind1=" " ind2=" ">
    <subfield code="c">26087</subfield>
    <subfield code="d">26087</subfield>
  </datafield>
  <datafield tag="773" ind1="0" ind2=" ">
    <subfield code="0">26080</subfield>
    <subfield code="9">25106</subfield>
    <subfield code="a">Cinque, Guglielmo, ed.</subfield>
    <subfield code="b"></subfield>
    <subfield code="d">New York</subfield>
    <subfield code="o">05365</subfield>
    <subfield code="t">The Oxford handbook of comparative syntax</subfield>
    <subfield code="w">(  AR-FADEU)  020356</subfield>
    <subfield code="x"></subfield>
    <subfield code="z">0-19-513650-0</subfield>
  </datafield>
</record>
